00633nam a2200181 a 450000100100000000500170001000800410002702000150006804000250008308200160010810000390012424000470016324501320021026000450034230000210038770000230040870000200043100003675520200930075922.0120131s1983 xxu 000 0 spa d a0870232045 aDO-SdBNPbspacBNPHU axxxxbB925e1 aBuckminster Fuller, R.,d1895-198310aBuckminster Fuller of educationlEspañol10aEducación, tecnología y futuro. /cRichard Buckminster Fuller ; selección y notas por Peter H. Wagschal y Robert D. Kahn. aBuenos Aires :bEdiciones Arango,c1983. a189 p. ;c20 cm.1 aWagschal, Peter H.1 aKahn, Robert D.